| 000 | 00471nam a22001697a 4500 | ||
|---|---|---|---|
| 008 | 220822b |||||||| |||| 00| 0 eng d | ||
| 020 | _a1138358522 | ||
| 050 |
_aP90 _b.B34 2008 c.1 |
||
| 100 | _aBennett, Peter | ||
| 245 |
_aAs Communication and culture: _bthe essential introduction/ _cBennett, Peter |
||
| 250 | _a3rd ed. | ||
| 260 |
_aNew York _bRoutledge _c2008 |
||
| 300 | _axii, 331p. | ||
| 650 | _aCommunication | ||
| 700 | _aSlater, Jerry | ||
| 942 |
_2lcc _cBK |
||
| 999 |
_c19446 _d19445 |
||